<?xml version="1.0" encoding="UTF-8"?>
<collection xmlns="http://www.loc.gov/MARC21/slim">
 <record>
  <leader>01578nam a2200205Ia 4500</leader>
  <controlfield tag="001">CTU_126077</controlfield>
  <controlfield tag="008">210402s9999    xx            000 0 und d</controlfield>
  <datafield tag="082" ind1=" " ind2=" ">
   <subfield code="a">636.08957</subfield>
  </datafield>
  <datafield tag="082" ind1=" " ind2=" ">
   <subfield code="b">R625</subfield>
  </datafield>
  <datafield tag="100" ind1=" " ind2=" ">
   <subfield code="a">Riviere, J. Edmond</subfield>
  </datafield>
  <datafield tag="245" ind1=" " ind2="0">
   <subfield code="a">Handbook of comparative pharmacokinetics and residues of veterinary antimicrobials</subfield>
  </datafield>
  <datafield tag="245" ind1=" " ind2="0">
   <subfield code="c">J. Edmond Riviere , Arthur L. Craigmill , Stephen F. Sundlof</subfield>
  </datafield>
  <datafield tag="260" ind1=" " ind2=" ">
   <subfield code="a">Boca Raton, Fla.</subfield>
  </datafield>
  <datafield tag="260" ind1=" " ind2=" ">
   <subfield code="b">CRC Press</subfield>
  </datafield>
  <datafield tag="260" ind1=" " ind2=" ">
   <subfield code="c">1991</subfield>
  </datafield>
  <datafield tag="520" ind1=" " ind2=" ">
   <subfield code="a">The major objective of this handbook is to compile-in tabular form-the pharmacokinetic parameters of antimicrobial drugs used in food animals. This unique publication represents data from the FARAD (Food Animal Residue Avoidance Databank) databank, established by the authors under the auspices of the U.S.D.A. and contains significant amounts of previously unavailable information. This updated, one-of-a-kind volume even features additional data on laboratory rodents, dogs, cats, and horses in order to facilitate broader interspecies extrapolations. This easy-to-use reference is timely as well as invaluable to animal scientists, veterinarians, pharmacologists, and toxicologists who work with antimicrobials in chickens, turkeys, dairy and beef cattle, swine, goats, and sheep.</subfield>
  </datafield>
  <datafield tag="650" ind1=" " ind2=" ">
   <subfield code="a">Anti-infective agents in veterinary medicine,Veterinary drug residues,Food of animal origin</subfield>
  </datafield>
  <datafield tag="650" ind1=" " ind2=" ">
   <subfield code="x">Pharmacokinetics,Handbooks, manuals, etc.,Handbooks, manuals, etc.,Contamination,Handbooks, manuals, etc.</subfield>
  </datafield>
  <datafield tag="904" ind1=" " ind2=" ">
   <subfield code="i">Hiếu</subfield>
  </datafield>
  <datafield tag="980" ind1=" " ind2=" ">
   <subfield code="a">Trung tâm Học liệu Trường Đại học Cần Thơ</subfield>
  </datafield>
 </record>
</collection>
